000 00641nam a2200229Ia 4500
003 OSt
005 20221005024238.0
006 a|||||r|||| 00| 0
007 ta
008 221004b |||||||| |||| 00| 0 eng d
024 _a39154
037 _cTextual
040 _aCRL
_cCRL
_beng
041 _2eng
_aeng
082 _aNa44ad73851.M70, G0.1-.2
100 _aCoomaraswamy Anand K
_923580
245 0 _aCatalogue of Indian collections in the museum of fine Arts
260 _aBoston
_c1930
650 _aARTS
942 _hNa44ad73851.M70, G0.1-.2
_cTEXL
_2cc
999 _c932546
_d932546